| 000 | 01497nam0a2200313 4500 | ||
|---|---|---|---|
| 001 | RU\NLR\bibl\1193018 | ||
| 005 | 20260408201011.0 | ||
| 010 |
_a978-5-98079-349-4 _9100 |
||
| 021 |
_aRU _b2007-92580 _95003 |
||
| 035 | _a(NLR Aleph) 001179557 | ||
| 090 |
_a1648669 _c1648669 |
||
| 100 | _a20080225d2007 |||y0rusy50 ca | ||
| 101 | 0 |
_arus _afre |
|
| 102 | _aRU | ||
| 105 | _ay ||||||||| | ||
| 200 | 1 |
_aЗиновьевские чтения _eматериалы I Международной научной конференции, Москва, 15-16 мая 2007 г. |
|
| 210 |
_aМосква _cИзд-во Московского гуманитарного университета _d2007 |
||
| 215 |
_a208 с. _d21 |
||
| 300 | _aВ надзаг.: Моск. гуманит. ун-т, Исслед. центр А.А. Зиновьева | ||
| 300 | _aЧасть текста на фр. яз. | ||
| 600 | 1 |
_aЗиновьев _bА.А. _f1922 - 2006 _gАлександр Александрович _jСъезды, совещания и т.п. _xФилософские взгляды _92444730 _3RU\NLR\auth\661454091 |
|
| 686 | _aЮ3(2)7я431 | ||
| 702 | 1 |
_4570 _7ca _8rus _aЗиновьев _bА. А. _f1922-2006 _gАлександр Александрович _921011 _3RU\NLR\auth\7738024 |
|
| 710 | 1 | 2 |
_aЗиновьевские чтения _eМосква _f2007 _9725925 _3RU\NLR\AUTH\8810113163 |
| 801 | 0 |
_aRU _bNLR _c20080225 _gRCR |
|
| 801 | 1 |
_aRU _bNLR _c20080225 |
|
| 942 | _cBOOK | ||
| 980 | _aNB | ||